000 00383 a2200109 4500
001 ART_49576
005 20260410161757.0
008 260409a
245 1 0 _aEl artículo 40 de la ley de ganancias: un problema candente ignorado por la última reforma fiscal
100 1 _aGarcía, Roberto Martín
773 0 _tDoctrina tributaria
_g- N°474 (sep. 2019)
_wREV4296
999 _c20256
_d20256